[Event "Bogota Superate Intercol Adv (Women)"]
[Site "Bogota"]
[Date "2014.10.23"]
[Round "2.7"]
[White "Alvarez, Sandra Carolina"]
[Black "Rodas Jaramillo, Nathaly"]
[Result "0-1"]
[WhiteElo "1564"]
[BlackElo "1321"]
[PlyCount "74"]
[EventDate "2014.10.23"]
[EventType "swiss (rapid)"]
[EventRounds "6"]
[EventCountry "COL"]
[SourceTitle "EXT 2024"]
[Source "ChessBase"]
[SourceDate "2023.10.10"]
[SourceVersion "1"]
[SourceVersionDate "2023.10.10"]
[SourceQuality "1"]

1. d4 d5 2. Nc3 Nf6 3. Bf4 Nc6 4. Nb5 e5 5. dxe5 Nh5 6. e3 Nxf4 7. exf4 g6 8. Nf3 Bg4 9. Be2 Bh6 10. g3 g5 11. fxg5 Bxg5 12. Nxg5 Bxe2 13. Qxe2 Qxg5 14. Nxc7+ Kf8 15. Nxa8 Nd4 16. Qd2 Nf3+ 17. Kf1 Nxd2+ 18. Kg2 Qxe5 19. Rhe1 Qxb2 20. Rad1 Qxc2 21. Rc1 Qxa2 22. Rc8+ Kg7 23. Rc7 d4 24. Ree7 Qd5+ 25. Kh3 Qh5+ 26. Kg2 Qf3+ 27. Kg1 Rf8 28. Rxb7 Ne4 29. Rb2 Qa3 30. Re2 Qxe7 31. f3 d3 32. Rxe4 Qa3 33. Rg4+ Kh8 34. Nc7 d2 35. Rd4 Qe3+ 36. Kf1 Qxd4 37. Kg2 d1Q 0-1

[Event "Bogota Superate Intercol (Women)"]
[Site "Bogota"]
[Date "2014.10.23"]
[Round "5.9"]
[White "Tovar Meza, Lina"]
[Black "Alvarez, Sandra Carolina"]
[Result "1-0"]
[WhiteElo "1425"]
[BlackElo "1564"]
[PlyCount "53"]
[EventDate "2014.10.21"]
[EventType "swiss"]
[EventRounds "5"]
[EventCountry "COL"]
[SourceTitle "EXT 2024"]
[Source "ChessBase"]
[SourceDate "2023.10.10"]
[SourceVersion "1"]
[SourceVersionDate "2023.10.10"]
[SourceQuality "1"]

1. e4 e5 2. Nf3 d6 3. d4 exd4 4. Nxd4 Nf6 5. Nc3 Be7 6. Nf5 0-0 7. e5 Bxf5 8. exf6 Bxf6 9. Bd3 Re8+ 10. Be3 Bxd3 11. Qxd3 Nc6 12. 0-0-0 Bg5 13. f4 Bf6 14. g4 Qe7 15. Rhe1 Bxc3 16. Qxc3 Qe6 17. Kb1 Re7 18. f5 Qe5 19. Bd4 Qf4 20. Rxe7 Nxe7 21. Qxc7 Qe4 22. Qxd6 Re8 23. Bxg7 Nxf5 24. gxf5 Qe1 25. Bc3 Qe7 26. Rg1+ Kf8 27. Qh6# 1-0